000 00311nam a22001217a 4500
008 180201b xxu||||| |||| 00| 0 eng d
041 _aeng
080 _a37
100 _a40
101 _aEDU
245 _aCHAMPS A PROACTIVE AND POSITIVE APPROACHH TO CLASSROOM MANAGEMENT
_cRANDALL.S
942 _2udc
_cBK
999 _c41468
_d41468